000 00252nam a22001097a 4500
020 _a0716704390
100 _aJACOBS HAROLD R.
245 _aMATHEMATICS: A human Endeavor
260 _aUSA
_bW.H FREEMAN & CO.
_c1970
300 _a528
_bill
942 _cBK
999 _c251912
_d251911